[Event "XXXVI Olimpiadi femminile"]
[Site "Calvia' ESP"]
[Date "2004.10.18"]
[Round "4.2"]
[White "Costantini, Laura"]
[Black "Burijovich, Liliana"]
[Result "0-1"]
[WhiteElo "2068"]
[BlackElo "2212"]
[Annotator "ITA-ARG"]
[PlyCount "80"]
[EventDate "2004.10.15"]

1. e4 c5 2. Nf3 e6 3. d3 Nc6 4. g3 d5 5. Nbd2 Bd6 6. Bg2 Nge7 7. O-O O-O 8. Re1
f6 9. exd5 exd5 10. d4 c4 11. Nf1 Bg4 12. Ne3 Bh5 13. c3 Rb8 14. g4 Bf7 15. Nh4
g6 16. Qf3 Kg7 17. Qh3 Re8 18. Kh1 Qc7 19. Rg1 Bf4 20. Bf3 Kh8 21. Nc2 b5 22.
Qg2 g5 23. Nf5 Nxf5 24. gxf5 Ne7 25. Bxf4 Qxf4 26. Ne3 Nxf5 27. Nxd5 Qd6 28.
Qh3 Nh4 29. Ne3 Qf4 30. Rg3 Be6 31. Bg4 Qe4+ 32. Kg1 f5 33. Bf3 Nxf3+ 34. Rxf3
g4 35. Qh6 Qxf3 36. Qf6+ Kg8 37. Qg5+ Kf7 38. Qh5+ Ke7 39. Qg5+ Kd7 40. Qg7+
Kc8 0-1

[Event "XXXVI Olimpiadi femminile"]
[Site "Calvia' ESP"]
[Date "2004.10.18"]
[Round "4.3"]
[White "Malajovich, Sandra"]
[Black "De Rosa, Mariagrazia"]
[Result "1-0"]
[WhiteElo "2118"]
[BlackElo "2110"]
[Annotator "ITA-ARG"]
[PlyCount "97"]
[EventDate "2004.10.15"]

1. d4 Nf6 2. c4 e6 3. Nf3 b6 4. g3 Bb7 5. Bg2 Be7 6. Nc3 O-O 7. O-O Ne4 8. Nxe4
Bxe4 9. Nh4 Bxg2 10. Nxg2 d5 11. Qa4 dxc4 12. Qxc4 c5 13. Be3 cxd4 14. Bxd4 Nd7
15. Rfd1 Qe8 16. Rac1 Nf6 17. Ne3 Qc8 18. Qb5 Qb7 19. Bxf6 Bxf6 20. Ng4 Rfd8
21. Nxf6+ gxf6 22. Rf1 Rd5 23. Qc4 Rad8 24. Qf4 Rf5 25. Qh4 b5 26. Rc2 Qb6 27.
e3 Qb7 28. Qg4+ Rg5 29. Qb4 Qf3 30. Qe7 Rf8 31. Rfc1 Kg7 32. Qxa7 Kg6 33. Qb6
Rg8 34. a3 Re5 35. Qc6 Qg4 36. Rd2 h5 37. Rd4 Qg5 38. Rcd1 Rh8 39. Qf3 f5 40.
Qe2 h4 41. f4 Qh6 42. fxe5 hxg3 43. Kh1 Qg5 44. h4 Rxh4+ 45. Rxh4 Qxh4+ 46. Kg1
f4 47. exf4 Qxf4 48. Kg2 Kf5 49. Rf1 1-0

[Event "XXXVI Olimpiadi femminile"]
[Site "Calvia' ESP"]
[Date "2004.10.19"]
[Round "5.3"]
[White "Costantini, Laura"]
[Black "Smith, Olivia"]
[Result "0-1"]
[WhiteElo "2068"]
[BlackElo "1831"]
[Annotator "ITA-WLS"]
[PlyCount "72"]
[EventDate "2004.10.15"]

1. e4 e5 2. Nf3 Nc6 3. d4 exd4 4. Nxd4 Bc5 5. Nb3 Bb6 6. Nc3 d6 7. Qe2 Be6 8.
Be3 Nge7 9. O-O-O Bxe3+ 10. Qxe3 a5 11. Bb5 Bxb3 12. axb3 O-O 13. f4 Qc8 14. h4
Nb4 15. h5 h6 16. g4 c6 17. Be2 d5 18. g5 dxe4 19. Nxe4 Ned5 20. Qg3 Qe6 21.
Bf3 f5 22. gxh6 Qxh6 23. Ng5 a4 24. Rde1 axb3 25. Bxd5+ Nxd5 26. Qxb3 Ra1+ 27.
Kd2 Rxe1 28. Kxe1 Qd6 29. Rf1 b5 30. Rf3 Re8+ 31. Kf2 Qe7 32. Kg2 Qe2+ 33. Rf2
Qg4+ 34. Qg3 Ne3+ 35. Kh2 Qxh5+ 36. Kg1 Qd1+ 0-1

[Event "XXXVI Olimpiadi femminile"]
[Site "Calvia' ESP"]
[Date "2004.10.20"]
[Round "6.2"]
[White "Ambrosi, Eleonora"]
[Black "Senanayaka, Pramodya Ruchirani"]
[Result "1-0"]
[WhiteElo "2099"]
[BlackElo "1673"]
[Annotator "ITA-SRI"]
[PlyCount "111"]
[EventDate "2004.10.15"]

1. e4 e5 2. Nf3 Nc6 3. Bb5 a6 4. Bxc6 dxc6 5. d4 exd4 6. Qxd4 Qxd4 7. Nxd4 c5
8. Nb3 Bd7 9. Be3 b6 10. Nc3 Ne7 11. O-O Bc6 12. Rad1 Ng6 13. f4 Bd6 14. Nd2
O-O-O 15. e5 Be7 16. Nde4 h6 17. g3 Rhe8 18. h4 Bf8 19. h5 Ne7 20. g4 Nd5 21.
Nxd5 Bxd5 22. Nc3 Bc6 23. Kf2 Bb7 24. Rxd8+ Kxd8 25. Rd1+ Kc8 26. Nd5 Bc6 27.
c4 Bb7 28. b3 Bc6 29. Bc1 Be7 30. Kg3 Bd8 31. Bb2 Be7 32. Ne3 Bf8 33. Nf5 Be4
34. Re1 Bxf5 35. gxf5 Kd7 36. Rd1+ Kc8 37. Kf3 Re7 38. Re1 Kd7 39. Re4 Re8 40.
Bc3 a5 41. Be1 Re7 42. Bh4 Re8 43. f6 gxf6 44. Bxf6 c6 45. f5 Kc7 46. Re1 Kd7
47. Rg1 Kc7 48. Bg7 Kd7 49. Bf6 Be7 50. Kf4 Bf8 51. Rg8 Be7 52. Rxe8 Kxe8 53.
Bxe7 Kxe7 54. f6+ Ke6 55. Ke4 b5 56. Kf4 1-0

[Event "XXXVI Olimpiadi femminile"]
[Site "Calvia' ESP"]
[Date "2004.10.22"]
[Round "7.1"]
[White "Sedina, Elena"]
[Black "Hund, Barbara"]
[Result "0-1"]
[WhiteElo "2431"]
[BlackElo "2240"]
[Annotator "ITA-SUI"]
[PlyCount "56"]
[EventDate "2004.10.15"]

1. e4 e5 2. Nf3 Nc6 3. Nc3 Nf6 4. g3 Bc5 5. Bg2 d6 6. d3 a6 7. O-O O-O 8. h3 h6
9. Nh4 Nd4 10. Kh2 c6 11. f4 exf4 12. gxf4 Nxe4 13. dxe4 Qxh4 14. f5 Nb5 15.
Ne2 Qf6 16. a4 Nc7 17. Bf4 Ne8 18. c3 Qe7 19. Ng3 Kh8 20. Qd2 Qh4 21. Rad1 Bd7
22. b4 Bb6 23. Bxd6 Nxd6 24. Qxd6 Rad8 25. f6 Bxh3 26. fxg7+ Kxg7 27. Qe5+ f6
28. Rxf6 Bg4+ 0-1

[Event "XXXVI Olimpiadi femminile"]
[Site "Calvia' ESP"]
[Date "2004.10.22"]
[Round "7.2"]
[White "Heinatz, Gundula"]
[Black "Ambrosi, Eleonora"]
[Result "0-1"]
[WhiteElo "2244"]
[BlackElo "2099"]
[Annotator "ITA-SUI"]
[PlyCount "66"]
[EventDate "2004.10.15"]

1. d4 d5 2. c4 Nc6 3. cxd5 Qxd5 4. e3 e5 5. Nc3 Bb4 6. Bd2 Bxc3 7. bxc3 Nf6 8.
f3 Qd6 9. Bb5 O-O 10. Ne2 a6 11. Bxc6 bxc6 12. e4 a5 13. O-O Ba6 14. Be3 Rfe8
15. Re1 Nd7 16. Ng3 g6 17. Qc2 f6 18. Rad1 Qe7 19. f4 exf4 20. Bxf4 Nb6 21. Qf2
Qf7 22. h4 Nc4 23. Bh6 Re7 24. Qf4 Rae8 25. Rb1 Nd6 26. Rb2 Bd3 27. Rf2 Nxe4
28. Nxe4 f5 29. Ng5 Rxe1+ 30. Kh2 Qe7 31. Nf3 Re4 32. Qg3 Rg4 33. Qe5 Rxh4+ 0-1

[Event "XXXVI Olimpiadi femminile"]
[Site "Calvia' ESP"]
[Date "2004.10.22"]
[Round "7.3"]
[White "De Rosa, Mariagrazia"]
[Black "Seps, Monika"]
[Result "0-1"]
[WhiteElo "2110"]
[BlackElo "2077"]
[Annotator "ITA-SUI"]
[PlyCount "72"]
[EventDate "2004.10.15"]

1. e4 c5 2. Nf3 d6 3. d4 cxd4 4. Nxd4 Nf6 5. f3 a6 6. c4 g6 7. Be3 Bg7 8. Nc3
O-O 9. Qd2 Nc6 10. Be2 Bd7 11. Nc2 Rb8 12. O-O Qa5 13. Rab1 Rfc8 14. f4 b5 15.
b4 Qd8 16. c5 Bf8 17. cxd6 exd6 18. f5 Ne5 19. fxg6 hxg6 20. Rxf6 Qxf6 21. Bg5
Nf3+ 22. Bxf3 Qxc3 23. Qxc3 Rxc3 24. Ne3 Be6 25. Nd5 Bxd5 26. exd5 Rbc8 27. Bd1
Rd3 28. Bb3 Rd4 29. a3 Rd3 30. Bf6 Bg7 31. Be7 Bd4+ 32. Kf1 Rcc3 33. Bd1 Rd2
34. Bh4 Rxa3 35. Be1 Rb2 36. Rc1 Raa2 0-1

[Event "XXXVI Olimpiadi femminile"]
[Site "Calvia' ESP"]
[Date "2004.10.23"]
[Round "8.1"]
[White "Ambrosi, Eleonora"]
[Black "Koskoska, Gabriela"]
[Result "0-1"]
[WhiteElo "2099"]
[BlackElo "2242"]
[Annotator "ITA-MKD"]
[PlyCount "68"]
[EventDate "2004.10.15"]

1. e4 c5 2. Nf3 e6 3. d3 Nc6 4. g3 e5 5. Bg2 g6 6. c3 Bg7 7. O-O Nge7 8. Be3 d6
9. Qd2 O-O 10. Bh6 f5 11. Bxg7 Kxg7 12. Re1 f4 13. Qc2 Bg4 14. Nbd2 Qd7 15. d4
fxg3 16. hxg3 exd4 17. cxd4 Rac8 18. Qa4 Nxd4 19. Qxd7 Bxd7 20. Nxd4 cxd4 21.
Rac1 Be6 22. e5 dxe5 23. Rxc8 Rxc8 24. Re4 Rc1+ 25. Kh2 Kf6 26. f4 Bf5 27. g4
Rc2 28. gxf5 Rxd2 29. Rxe5 Kf7 30. Kg1 Rxb2 31. Ra5 Kf6 32. Ra4 d3 33. Rd4 Rd2
34. Bxb7 gxf5 0-1

[Event "XXXVI Olimpiadi femminile"]
[Site "Calvia' ESP"]
[Date "2004.10.23"]
[Round "8.2"]
[White "Sekulovska, Vesna"]
[Black "Costantini, Laura"]
[Result "0-1"]
[WhiteElo "2164"]
[BlackElo "2068"]
[Annotator "ITA-MKD"]
[PlyCount "102"]
[EventDate "2004.10.15"]

1. d4 Nf6 2. c4 g6 3. Nc3 Bg7 4. e4 d6 5. f3 O-O 6. Be3 a6 7. Qd2 Nc6 8. Nge2
Rb8 9. Rc1 Bd7 10. b3 Re8 11. d5 Na5 12. Ng3 c5 13. Bd3 e6 14. O-O exd5 15.
cxd5 b5 16. Nd1 Nb7 17. Nb2 Nxd5 18. Bf2 Nb4 19. Bb1 Nc6 20. Rfd1 h5 21. Nd3
Bd4 22. Ne2 Bxf2+ 23. Nxf2 Qf6 24. f4 Rbd8 25. Nc3 Ne7 26. Qe3 Bc6 27. Qg3 Kh8
28. Re1 b4 29. Ncd1 Nf5 30. Qg5 Qxg5 31. fxg5 Nd4 32. Ne3 h4 33. Bd3 a5 34.
Neg4 Ne6 35. Nh3 Kg7 36. Rf1 Nd4 37. Rce1 Bb5 38. Bxb5 Nxb5 39. e5 Nc3 40. Nh6
Rf8 41. Nf4 dxe5 42. Rxe5 Rde8 43. Nd3 Rxe5 44. Nxe5 Nd6 45. Nd7 Re8 46. Nxc5
Re5 47. Rf6 Rxc5 48. Rxd6 Rxg5 49. Nxf7 Kxf7 50. Rd2 Rd5 51. Rc2 Rd1+ 0-1

[Event "XXXVI Olimpiadi femminile"]
[Site "Calvia' ESP"]
[Date "2004.10.24"]
[Round "9.1"]
[White "Fierro Baquero, Martha Lorena"]
[Black "Sedina, Elena"]
[Result "1/2-1/2"]
[WhiteElo "2333"]
[BlackElo "2431"]
[Annotator "ITA-ECU"]
[PlyCount "25"]
[EventDate "2004.10.15"]

1. e4 e6 2. d4 d5 3. Nd2 c5 4. exd5 exd5 5. Ngf3 Nc6 6. Be2 Nf6 7. O-O Bd6 8.
dxc5 Bxc5 9. Nb3 Bb6 10. Bg5 O-O 11. Nfd4 h6 12. Bh4 Re8 13. c3 1/2-1/2

[Event "XXXVI Olimpiadi femminile"]
[Site "Calvia' ESP"]
[Date "2004.10.24"]
[Round "9.2"]
[White "Costantini, Laura"]
[Black "Vasquez Ramirez, Rocio"]
[Result "0-1"]
[WhiteElo "2068"]
[BlackElo "2257"]
[Annotator "ITA-ECU"]
[PlyCount "76"]
[EventDate "2004.10.15"]

1. e4 c5 2. Nf3 e6 3. d3 Nc6 4. g3 d5 5. Nbd2 Nf6 6. Bg2 Be7 7. O-O dxe4 8.
dxe4 e5 9. Qe2 O-O 10. c3 a6 11. Nc4 Qc7 12. a4 Be6 13. Ng5 Bxc4 14. Qxc4 Na5
15. Qe2 Nb3 16. Rb1 h6 17. Nf3 c4 18. Nh4 Rfd8 19. Be3 Rd3 20. Nf5 Bc5 21. Rbd1
Rad8 22. Qf3 Bxe3 23. Nxe3 Nd2 24. Rxd2 Rxd2 25. Nf5 h5 26. Qe3 Nh7 27. Qf3 g6
28. Ne3 R8d3 29. g4 h4 30. g5 Nxg5 31. Qg4 h3 32. Bxh3 Nxh3+ 33. Qxh3 Qd7 34.
Qh6 Qe6 35. Nd5 Rd1 36. Qg5 Qh3 37. Ne3 Rxf1+ 38. Nxf1 Rd1 0-1

[Event "XXXVI Olimpiadi femminile"]
[Site "Calvia' ESP"]
[Date "2004.10.24"]
[Round "9.3"]
[White "Rojas Solano, Jessenia"]
[Black "De Rosa, Mariagrazia"]
[Result "1-0"]
[WhiteElo "2082"]
[BlackElo "2110"]
[Annotator "ITA-ECU"]
[PlyCount "75"]
[EventDate "2004.10.15"]

1. d4 Nf6 2. c4 e6 3. Nc3 Bb4 4. Qc2 b6 5. e4 c5 6. d5 Qe7 7. Be2 exd5 8. exd5
Ba6 9. Be3 O-O 10. a3 Qe4 11. O-O-O Bxc3 12. Qxc3 d6 13. Nf3 Qe8 14. Bd3 Nbd7
15. Rhe1 Qb8 16. a4 Bb7 17. h3 a6 18. g4 Rd8 19. g5 Ne8 20. Qc2 Nf8 21. h4 Nc7
22. h5 b5 23. h6 b4 24. hxg7 Ng6 25. Be4 Bc8 26. b3 Ne8 27. Rh1 Nxg7 28. Rh2
Bf5 29. Bxf5 Nxf5 30. Qxf5 Qc7 31. Rdh1 Nf8 32. Nd2 Re8 33. Ne4 Rxe4 34. Qxe4
Qd7 35. Rxh7 Nxh7 36. Qxh7+ Kf8 37. Qh8+ Ke7 38. Qf6+ 1-0

[Event "XXXVI Olimpiadi femminile"]
[Site "Calvia' ESP"]
[Date "2004.10.25"]
[Round "10.1"]
[White "Mazariegos Kummenfeld, Silvia Carolina"]
[Black "Sedina, Elena"]
[Result "0-1"]
[WhiteElo "2128"]
[BlackElo "2431"]
[Annotator "ITA-GUA"]
[PlyCount "84"]
[EventDate "2004.10.15"]

1. Nf3 Nf6 2. d3 d5 3. Nbd2 Nc6 4. g3 e5 5. e4 Bc5 6. Bg2 O-O 7. O-O Be6 8. h3
h6 9. Re1 dxe4 10. dxe4 Qc8 11. g4 h5 12. g5 Nh7 13. h4 Bg4 14. c3 Rd8 15. Qc2
a5 16. Nh2 Nf8 17. Ndf3 Ng6 18. Be3 Bxe3 19. fxe3 Qe6 20. Bf1 Bxf3 21. Nxf3
Qg4+ 22. Qg2 Qxe4 23. Qf2 Qg4+ 24. Qg2 e4 25. Qxg4 hxg4 26. Nh2 Nxh4 27. Nxg4
Nf3+ 28. Kf2 Nxe1 29. Kxe1 Rd5 30. Nf2 Rxg5 31. Nxe4 Re5 32. Ng3 Rxe3+ 33. Kf2
Rae8 34. Rd1 g6 35. Bc4 Kg7 36. Rg1 R3e5 37. Bd3 Kf8 38. Bc4 Rd8 39. Nf1 Rf5+
40. Ke3 Re8+ 41. Kd2 Rf2+ 42. Kd1 Ne5 0-1

[Event "XXXVI Olimpiadi femminile"]
[Site "Calvia' ESP"]
[Date "2004.10.25"]
[Round "10.3"]
[White "Castillo Melendez, Dina Lisette"]
[Black "Costantini, Laura"]
[Result "1-0"]
[WhiteElo "2043"]
[BlackElo "2068"]
[Annotator "ITA-GUA"]
[PlyCount "77"]
[EventDate "2004.10.15"]

1. e4 c5 2. f4 d5 3. exd5 Qxd5 4. Nc3 Qd8 5. Nf3 Nc6 6. Bc4 Nf6 7. d3 e6 8. O-O
Be7 9. a3 O-O 10. Ba2 b6 11. Qe1 Bb7 12. Qg3 Rc8 13. Bd2 Nd4 14. Ne1 Nd5 15.
Qg4 f5 16. Qd1 Bf6 17. Nxd5 Bxd5 18. Bxd5 Qxd5 19. Rb1 c4 20. c3 Nb3 21. d4
Rfd8 22. Nf3 b5 23. Be1 Na5 24. Bh4 Bxh4 25. Nxh4 Nc6 26. Qe2 a5 27. Rfe1 Re8
28. Nf3 h6 29. Ne5 Ra8 30. Qh5 Nxe5 31. Rxe5 Qd7 32. Rd1 b4 33. Qe2 bxa3 34.
bxa3 Qa4 35. Rxe6 Rec8 36. Re7 Rf8 37. Qe5 Rf7 38. Rxf7 Kxf7 39. Qxf5+ 1-0

[Event "XXXVI Olimpiadi femminile"]
[Site "Calvia' ESP"]
[Date "2004.10.26"]
[Round "11.1"]
[White "Ambrosi, Eleonora"]
[Black "Van der Merwe, Cecile H."]
[Result "0-1"]
[WhiteElo "2099"]
[BlackElo "2059"]
[Annotator "ITA-RSA"]
[PlyCount "76"]
[EventDate "2004.10.15"]

1. e4 e6 2. d4 d5 3. Nc3 Nf6 4. e5 Nfd7 5. f4 c5 6. Nf3 Nc6 7. Be3 a6 8. Qd2 b5
9. Qf2 Qb6 10. Bd3 Be7 11. O-O O-O 12. dxc5 Bxc5 13. Bxc5 Qxc5 14. Qxc5 Nxc5
15. Ne2 b4 16. Ned4 Nxd4 17. Nxd4 a5 18. Rf3 Ba6 19. f5 Bxd3 20. cxd3 Rac8 21.
Re1 Rfe8 22. Re2 Nd7 23. Rfe3 Rc1+ 24. Kf2 Ra1 25. b3 Rc1 26. Re1 Rxe1 27. Kxe1
exf5 28. Nc6 Re6 29. Nxa5 d4 30. Re2 Nxe5 31. Kd2 f6 32. Nc4 Ra6 33. Kd1 Nxd3
34. Rd2 Ne5 35. Rxd4 Nxc4 36. Rxc4 Rxa2 37. Rc2 Ra1+ 38. Kd2 Rb1 0-1

[Event "XXXVI Olimpiadi femminile"]
[Site "Calvia' ESP"]
[Date "2004.10.26"]
[Round "11.3"]
[White "De Rosa, Mariagrazia"]
[Black "Ellappen, Jenine"]
[Result "1-0"]
[WhiteElo "2110"]
[BlackElo "2031"]
[Annotator "ITA-RSA"]
[PlyCount "81"]
[EventDate "2004.10.15"]

1. e4 c5 2. Nf3 Nc6 3. d4 cxd4 4. Nxd4 Nf6 5. Nc3 e5 6. Ndb5 d6 7. Bg5 a6 8.
Na3 b5 9. Nd5 Be7 10. Bxf6 Bxf6 11. c3 Bg5 12. Nc2 O-O 13. a4 bxa4 14. Rxa4 a5
15. Bb5 Bb7 16. O-O Ne7 17. Nxe7+ Qxe7 18. Qd3 f5 19. Bc4+ Kh8 20. exf5 e4 21.
Qh3 Qd7 22. Rfa1 d5 23. Be2 Bd8 24. Nd4 Bb6 25. Bg4 Rf6 26. b4 Bxd4 27. cxd4
Rc8 28. Rxa5 Rc4 29. Qa3 Kg8 30. Rd1 Rc8 31. Ra7 h5 32. Bh3 Qb5 33. Qa4 Qb6 34.
g3 Ba6 35. Re7 Bb5 36. Qa7 Kf8 37. Re6 Qd8 38. Qb7 Rc7 39. Qb6 Bc4 40. Ra1 Kf7
41. Ra7 1-0

[Event "XXXVI Olimpiadi femminile"]
[Site "Calvia' ESP"]
[Date "2004.10.27"]
[Round "12.1"]
[White "Sedina, Elena"]
[Black "Titova-Boric, Elena"]
[Result "1-0"]
[WhiteElo "2431"]
[BlackElo "2252"]
[Annotator "ITA-BIH"]
[PlyCount "85"]
[EventDate "2004.10.15"]

1. e4 d5 2. exd5 Nf6 3. Nf3 Nxd5 4. d4 g6 5. Be2 Bg7 6. O-O O-O 7. c4 Nb6 8.
Nc3 Bg4 9. h3 Bxf3 10. Bxf3 c6 11. c5 N6d7 12. Be3 Na6 13. Rc1 Qc7 14. Qe2 e6
15. Qc4 Nf6 16. b4 Nb8 17. b5 a6 18. bxc6 Nxc6 19. Rb1 Rad8 20. Rfd1 Rd7 21.
Rb6 Nd8 22. Rdb1 Qc8 23. Qb3 Nc6 24. Bxc6 bxc6 25. Qa4 Nd5 26. Nxd5 Rxd5 27.
Rxc6 Qd8 28. Qxa6 Bxd4 29. Bxd4 Rxd4 30. Rd6 Qf6 31. Rxd4 Qxd4 32. c6 Qe4 33.
Qb7 Kg7 34. c7 Qc4 35. a4 h5 36. a5 Kh7 37. a6 Qc2 38. a7 Rc8 39. Qxc8 Qxb1+
40. Kh2 Qc1 41. a8=Q Qf4+ 42. g3 Qxf2+ 43. Qg2 1-0

[Event "XXXVI Olimpiadi femminile"]
[Site "Calvia' ESP"]
[Date "2004.10.27"]
[Round "12.2"]
[White "Dedijer, Sanja"]
[Black "Ambrosi, Eleonora"]
[Result "1/2-1/2"]
[WhiteElo "2064"]
[BlackElo "2099"]
[Annotator "ITA-BIH"]
[PlyCount "67"]
[EventDate "2004.10.15"]

1. d4 d5 2. c4 Nc6 3. Nf3 Bg4 4. Nc3 Nf6 5. cxd5 Nxd5 6. e4 Nxc3 7. bxc3 Bxf3
8. Qxf3 e5 9. d5 Na5 10. Bb5+ c6 11. dxc6 bxc6 12. Ba4 Bd6 13. Qg3 Qf6 14. O-O
O-O 15. f4 Qg6 16. Qf3 Bc5+ 17. Kh1 exf4 18. Bxf4 Rae8 19. e5 Rd8 20. Rad1 h6
21. Qe2 Qe6 22. Qa6 Bb6 23. Qe2 Bc5 24. Bc2 f5 25. Rxd8 Rxd8 26. Bg3 g6 27. Bf4
Kg7 28. Rd1 Re8 29. Qd2 h5 30. Qd7+ Qxd7 31. Rxd7+ Re7 32. Rxe7+ Bxe7 33. Be3
c5 34. Bb3 1/2-1/2

[Event "XXXVI Olimpiadi femminile"]
[Site "Calvia' ESP"]
[Date "2004.10.28"]
[Round "13.1"]
[White "Paridar, Shadi"]
[Black "Sedina, Elena"]
[Result "0-1"]
[WhiteElo "2242"]
[BlackElo "2431"]
[Annotator "ITA-IRI"]
[PlyCount "98"]
[EventDate "2004.10.15"]

1. e4 c5 2. c3 e6 3. d4 d5 4. exd5 exd5 5. Be3 cxd4 6. Bxd4 Nc6 7. Be3 Nf6 8.
h3 Bd6 9. Nf3 O-O 10. Bd3 Re8 11. O-O Ne4 12. Re1 Bf5 13. Bb5 a6 14. Ba4 Qf6
15. Nbd2 Bc7 16. Nd4 Bd7 17. Bb3 Rad8 18. N2f3 Bc8 19. Bc2 h6 20. Qd3 Qg6 21.
Kh1 Qh5 22. Qf1 g5 23. Ng1 f5 24. Nxc6 bxc6 25. Bxe4 fxe4 26. Qe2 Qg6 27. Rad1
h5 28. g3 h4 29. g4 Rf8 30. Qf1 Kh7 31. b4 Rf7 32. Qg2 a5 33. a3 axb4 34. axb4
Be5 35. Bd4 Bxd4 36. Rxd4 Rdf8 37. Rd2 Qf6 38. Ree2 Qxc3 39. Rc2 Qxb4 40. Rxc6
Bb7 41. Re6 Qc4 42. Rb2 Bc8 43. Rd6 Qd4 44. Rbb6 Rxf2 45. Rh6+ Kg8 46. Rbg6+
Kf7 47. Rc6 Rxg2 48. Kxg2 Bd7 49. Rcd6 Ke7 0-1

[Event "XXXVI Olimpiadi femminile"]
[Site "Calvia' ESP"]
[Date "2004.10.28"]
[Round "13.2"]
[White "Costantini, Laura"]
[Black "Pourkashiyan, Atousa"]
[Result "1/2-1/2"]
[WhiteElo "2068"]
[BlackElo "2217"]
[Annotator "ITA-IRI"]
[PlyCount "77"]
[EventDate "2004.10.15"]

1. e4 e5 2. d4 exd4 3. Qxd4 Nc6 4. Qe3 Nf6 5. Bd2 Bb4 6. Nc3 O-O 7. O-O-O Re8
8. Bc4 Na5 9. Be2 d5 10. Nxd5 Nxd5 11. Qd3 Bxd2+ 12. Rxd2 Qh4 13. Qxd5 Nc6 14.
Nf3 Qxe4 15. Qxe4 Rxe4 16. Bb5 Bg4 17. Bxc6 bxc6 18. Rhd1 Rae8 19. Rd3 Re2 20.
R1d2 Kf8 21. b3 c5 22. Rxe2 Rxe2 23. Rd2 Re4 24. Rd8+ Ke7 25. Ra8 Bxf3 26. gxf3
Re2 27. Rxa7 Kd7 28. a4 Rxf2 29. Ra5 Kc6 30. Ra6+ Kd5 31. Ra7 Kc6 32. Ra6+ Kb7
33. Ra5 Rxf3 34. Rxc5 f5 35. b4 g5 36. Rb5+ Kc6 37. Rc5+ Kb7 38. Rb5+ Kc6 39.
Rc5+ 1/2-1/2

[Event "XXXVI Olimpiadi femminile"]
[Site "Calvia' ESP"]
[Date "2004.10.28"]
[Round "13.3"]
[White "Navabi, Shirin"]
[Black "De Rosa, Mariagrazia"]
[Result "1-0"]
[WhiteElo "2107"]
[BlackElo "2110"]
[Annotator "ITA-IRI"]
[PlyCount "71"]
[EventDate "2004.10.15"]

1. c4 e5 2. Nc3 Nf6 3. Nf3 Nc6 4. g3 d5 5. cxd5 Nxd5 6. Bg2 Nb6 7. O-O Be7 8.
a3 Bg4 9. h3 Bh5 10. b4 a6 11. d3 O-O 12. Bb2 Re8 13. Ne4 Bf8 14. Nc5 Bxc5 15.
bxc5 Nd5 16. Qb3 Nf6 17. g4 Bg6 18. Nh4 Rb8 19. Nxg6 hxg6 20. e3 g5 21. Rad1
Qe7 22. d4 e4 23. f3 b6 24. fxe4 bxc5 25. Qc2 Nxe4 26. dxc5 Qxc5 27. Qxc5 Nxc5
28. Bxc6 Rxe3 29. Bd4 Rg3+ 30. Kh2 Rbb3 31. Bxc5 Rxh3+ 32. Kg1 Rbg3+ 33. Bg2
Rxg4 34. Rd8+ Kh7 35. Rxf7 Rhg3 36. Rd2 1-0

[Event "XXXVI Olimpiadi femminile"]
[Site "Calvia' ESP"]
[Date "2004.10.29"]
[Round "14.1"]
[White "Sedina, Elena"]
[Black "Petrenko, Svetlana"]
[Result "1/2-1/2"]
[WhiteElo "2431"]
[BlackElo "2323"]
[Annotator "ITA-MDA"]
[PlyCount "214"]
[EventDate "2004.10.15"]

1. e4 c5 2. Nf3 e6 3. c3 Nf6 4. e5 Nd5 5. d4 cxd4 6. cxd4 Bb4+ 7. Bd2 Be7 8.
Bc4 d6 9. O-O O-O 10. Qe2 Nb6 11. Bb3 Nc6 12. Nc3 d5 13. Rad1 Bd7 14. Bc1 a6
15. Bc2 Nb4 16. Bb1 Na4 17. Qe3 Rc8 18. a3 Nxc3 19. bxc3 Nc6 20. Qd3 g6 21. Qe3
f5 22. exf6 Bxf6 23. Rfe1 Na5 24. Ne5 Nc4 25. Nxc4 Rxc4 26. Ba2 Rc8 27. a4 Qa5
28. Ba3 Rf7 29. Bb4 Qxa4 30. Ra1 Qc6 31. Bb3 Qc7 32. g3 Bg7 33. h4 Bf8 34. Bxf8
Rfxf8 35. f4 a5 36. Rec1 b5 37. Bd1 a4 38. Bg4 Qd6 39. Rcb1 Rc7 40. Be2 Rb8 41.
Rb4 Be8 42. Qd2 Ra7 43. Qb2 Ra5 44. Kf2 Qc7 45. Bg4 Bf7 46. Ra3 Rb6 47. Bd1 Be8
48. Be2 h6 49. Qd2 Kg7 50. Qe3 Qd6 51. Qe5+ Qxe5 52. dxe5 Kf8 53. Ke3 Ke7 54.
Kd4 Kd8 55. Bd3 Kc7 56. Rb1 Ra8 57. Rb4 Ra7 58. Kc5 Rc6+ 59. Kd4 Rb6 60. Kc5
Ra5 61. Kd4 Rb8 62. Rb1 Ra6 63. Rb4 Kb6 64. Rb2 Rb7 65. Rb1 Rg7 66. Rb2 Rc7 67.
Rb1 Ra8 68. Rb2 Ka5 69. Rb1 Rd8 70. Rb2 Rc4+ 71. Bxc4 dxc4+ 72. Ke3 Rd3+ 73.
Ke2 Rxg3 74. Rd2 g5 75. hxg5 hxg5 76. Rd8 Bh5+ 77. Kd2 gxf4 78. Rh8 Rg2+ 79.
Ke1 Re2+ 80. Kf1 Rxe5 81. Ra8+ Kb6 82. Ra2 Bg6 83. Rf8 Bf5 84. Rd2 Bd3+ 85. Kf2
Rf5 86. Re8 e5 87. Rd1 e4 88. Rh1 Rf6 89. Rb8+ Kc6 90. Rc8+ Kd6 91. Ra8 e3+ 92.
Kf3 e2 93. Ra6+ Ke5 94. Rh5+ Rf5 95. Rhh6 e1=N+ 96. Kf2 f3 97. Rae6+ Kf4 98.
Rxe1 Rg5 99. Rh4+ Rg4 100. Rxg4+ Kxg4 101. Re5 Kf4 102. Rxb5 Ke4 103. Rb4 Bc2
104. Rxc4+ Kd3 105. Rc8 Bb3 106. Ra8 Kxc3 107. Rxa4 Bxa4 1/2-1/2

[Event "XXXVI Olimpiadi femminile"]
[Site "Calvia' ESP"]
[Date "2004.10.29"]
[Round "14.2"]
[White "Partac, Elena"]
[Black "Ambrosi, Eleonora"]
[Result "1-0"]
[WhiteElo "2259"]
[BlackElo "2099"]
[Annotator "ITA-MDA"]
[PlyCount "91"]
[EventDate "2004.10.15"]

1. e4 e6 2. d4 d5 3. exd5 exd5 4. Bd3 c5 5. dxc5 Bxc5 6. Nf3 Ne7 7. O-O Qd6 8.
Nc3 a6 9. Bg5 Nbc6 10. Re1 O-O 11. Bh4 h6 12. Qd2 f5 13. Bxe7 Nxe7 14. Bf1 Be6
15. Rad1 Rad8 16. Ne2 f4 17. Ned4 Bg4 18. Be2 Bh5 19. Nb3 Ba7 20. Nfd4 f3 21.
Bxf3 Bxf3 22. Nxf3 Rxf3 23. gxf3 Bb8 24. f4 Ng6 25. Kh1 Nxf4 26. f3 Qf6 27. Qd4
Qf5 28. Rg1 Be5 29. Qe3 Nh3 30. Rg2 Nf4 31. Rf2 Qh5 32. Re1 Ng6 33. Rg2 Bf4 34.
Qe6+ Kh7 35. Qg4 Qxg4 36. Rxg4 Rf8 37. Reg1 Bg5 38. Nc5 Ne5 39. Ne6 Nxg4 40.
Nxf8+ Kg8 41. Rxg4 Kxf8 42. Rd4 Ke7 43. Rxd5 Bf6 44. b3 Ke6 45. c4 Bg5 46. Kg2
1-0

[Event "XXXVI Olimpiadi femminile"]
[Site "Calvia' ESP"]
[Date "2004.10.29"]
[Round "14.3"]
[White "Costantini, Laura"]
[Black "Smokina, Karolina"]
[Result "0-1"]
[WhiteElo "2068"]
[BlackElo "2267"]
[Annotator "ITA-MDA"]
[PlyCount "24"]
[EventDate "2004.10.15"]

1. e4 c5 2. Nf3 Nc6 3. Bb5 g6 4. O-O Bg7 5. Qe2 a6 6. Bxc6 dxc6 7. c3 e5 8. Qc4
Bg4 9. Qxc5 Bxf3 10. gxf3 Qg5+ 11. Kh1 Qh5 12. Qe3 Bh6 0-1

[Event "XXXVI Olimpiadi"]
[Site "Calvia' ESP"]
[Date "2004.10.16"]
[Round "2.1"]
[White "Godena, Michele"]
[Black "Svetushkin, Dmitry"]
[Result "0-1"]
[WhiteElo "2550"]
[BlackElo "2568"]
[Annotator "ITA-MDA"]
[PlyCount "74"]
[EventDate "2004.10.15"]

1.e4 c6 2.d4 d5 3.Nd2 dxe4 4.Nxe4 Bf5 5.Nc5 b6 6.Nb3 e6 7.Nf3 Bd6 8.g3 Ne7
9.Bg2 h6 10.Qe2 Nd7 11.Ne5 Rc8 12.O-O O-O 13.Rd1 Bb8 14.c4 a5 15.Nf3 Re8 
16.Bd2 Bd6 17.Bc3 Qc7 18.c5 bxc5 19.dxc5 Nxc5 20.Bxa5 Qb8 21.Nxc5 Bxc5 22.
Ne5 Bxf2+ 23.Qxf2 Qxe5 24.Bc3 Qc7 25.a4 Nd5 26.Be1 Qe5 27.a5 Ne3 28.Rd7 
Nxg2 29.Kxg2 Rcd8 30.Rad1 Rxd7 31.Rxd7 Qe4+ 32.Kg1 e5 33.Rd2 Qb1 34.a6 Ra8
35.a7 Rxa7 36.Rd8+ Kh7 37.Kf1 Ra1 0-1